Loading...
| History - American | 0 | 6 | 0 | 1 | 60 | 43 | 66.83 | 0 | 2 | 20.83 | 27.78 |
| History - World | 0 | 5 | 1 | 1 | 45 | 16 | 46.00 | 2 | 4 | 26.36 | 34.47 |
| Science - Other | 0 | 3 | 0 | 0 | 30 | 75 | 89.00 | 0 | 1 | 4.66 | 11.36 |
| Geography | 0 | 3 | 0 | 1 | 30 | 23 | 44.67 | 1 | 3 | 29.88 | 43.75 |
| Science - Physics | 0 | 2 | 0 | 1 | 20 | 58 | 64.50 | 0 | 1 | 7.14 | 13.76 |
| Mythology | 0 | 2 | 0 | 0 | 20 | 18 | 44.50 | 2 | 2 | 10.95 | 15.91 |
| History - European | 0 | 2 | 0 | 1 | 20 | 37 | 49.00 | 0 | 2 | 9.76 | 12.75 |
| Religion | 0 | 2 | 1 | 0 | 15 | 16 | 46.00 | 1 | 1 | 10.56 | 10.23 |
| Social Science | 0 | 1 | 0 | 0 | 10 | 58 | 58.00 | 0 | 0 | 6.32 | 9.52 |
| Fine Arts - Other | 0 | 1 | 0 | 0 | 10 | 79 | 79.00 | 0 | 0 | 2.74 | 3.41 |
| Fine Arts - Painting and Sculpture | 0 | 1 | 0 | 0 | 10 | 99 | 99.00 | 0 | 0 | 1.40 | 1.14 |
| Literature - American | 0 | 1 | 0 | 0 | 10 | 60 | 60.00 | 0 | 0 | 4.18 | 3.41 |
| Literature - British | 0 | 1 | 0 | 0 | 10 | 58 | 58.00 | 0 | 1 | 4.34 | 6.82 |
| Literature - European | 0 | 1 | 0 | 0 | 10 | 70 | 70.00 | 0 | 0 | 3.96 | 4.55 |
| Popular Culture | 0 | 1 | 0 | 0 | 10 | 106 | 106.00 | 0 | 1 | 2.07 | 10.42 |
| Literature - World | 0 | 1 | 1 | 0 | 5 | 84 | 84.00 | 0 | 0 | 2.09 | 2.27 |
| Current Events | 0 | 1 | 1 | 0 | 5 | 22 | 22.00 | 1 | 1 | 15.93 | 20.00 |